[Event "Summer Chess Classic A 2018"]
[Site "Saint Louis"]
[Date "2018.05.18"]
[Round "4"]
[White "Durarbayli, Vasif"]
[Black "Jumabayev, Rinat"]
[Result "1-0"]
[WhiteElo "2618"]
[BlackElo "2621"]
[Annotator "TA"]
[PlyCount "101"]
[EventDate "2018.??.??"]
[EventType "tourn"]
[EventCountry "USA"]
[SourceTitle "playchess.com"]
[Source "ChessBase"]
[SourceQuality "1"]

{[%evp 15,101,0,0,-26,-27,-29,-30,-22,-20,-25,16,4,23,0,0,0,0,-48,25,9,28,-20,93,65,168,153,147,138,256,261,283,286,337,337,335,303,306,182,296,292,267,267,268,250,453,391,450,424,566,566,508,555,543,541,518,516,491,407,629,631,481,290,294,272,281,281,276,273,274,322,306,302,345,259,253,257,246,204,466,273,888,690,29962,29956,29990,29991,29992,29982]} 1. e4 e6 2. d4 d5 3. e5 c5 4. c3 Nc6 5. Nf3 Qb6 6. Be2 cxd4 7. cxd4 Nh6 8. Bxh6 Qxb2 {LiveBook: 3 Games. C02: French: Advance Variation} 9. Nc3 (9. Nbd2 gxh6 10. Nb3 Bb4+ 11. Kf1 Be7 12. a3 a5 13. a4 Nb4 14. Ne1 Bd7 15. h4 b6 16. Rh3 Rc8 17. Rb1 Qa2 18. Ra1 Qb2 19. Rf3 Bxh4 20. Rb1 Qa2 21. Ra1 Qb2 22. Rb1 Qa2 23. Ra1 {½-½ (23) Durarbayli,V (2612)-Harikrishna,P (2752) Baku 2016}) 9... Qxc3+ 10. Bd2 Qa3 {Black has an edge.} 11. O-O a6 $146 ({Predecessor:} 11... Bb4 12. Rb1 Bxd2 13. Qxd2 O-O 14. Bd3 h6 15. Rb3 Qe7 16. Bb1 {½-½ (66) Tsydypov,Z (2525)-Usmanov,V (2472) Sochi 2018}) 12. Qc2 h6 13. Rab1 Qe7 14. Rb6 Qc7 15. Rfb1 Be7 16. Bd1 a5 (16... Bd8 $15) 17. R6b3 $11 O-O 18. Bf4 Rd8 (18... b5 $11 {remains equal.}) 19. Qd3 $1 $36 {[%mdl 3072] [#] White has strong compensation. White has the initiative.} Bf8 ({Black should try} 19... b5 $1 $14 {[%mdl 512]}) 20. Bc2 $18 {[%csl Gc2][%cal Rd3h7]} g6 {White must now prevent ...Nb4.} 21. Qd2 Kh7 {[#]} (21... h5 $16) 22. h4 $1 {[%cal Bh2h4,Bh4h5][%mdl 32]} Nb4 23. Bd1 b5 24. a3 Nc6 25. h5 (25. Rxb5 Ba6 $16) 25... b4 26. a4 ({Weaker is} 26. axb4 axb4 27. Qc2 Kg8 $16) (26. hxg6+ $142 fxg6 27. Nh2 (27. axb4 axb4 28. Nh2 g5 $16)) 26... Bd7 (26... Bg7 $142) 27. hxg6+ fxg6 28. Nh2 {[%cal Bf3h2,Bh2g4,Bg4f6][%mdl 32] Hoping for Bxh6!} h5 29. Rh3 {And now Qd3 would win.} Be8 $2 (29... Bg7 30. g4 Be8) 30. Ng4 Bg7 31. Bg5 Qa7 32. Nf6+ Bxf6 33. Bxf6 Nxd4 34. Qg5 Rdc8 35. g4 {[%cal Rg4h5]} Rc3 36. Rh2 {[%cal Rg4h5]} Rg3+ {[#]} (36... Nf3+ $142 37. Bxf3 Rxf3 38. gxh5 gxh5) 37. Kh1 $1 Nf5 {[%cal Bd4f5,Bf5g3,Bg3e4][%mdl 32] Threatens to win with ...Qd4!} 38. fxg3 Nxg3+ 39. Kg2 {[%cal Rg4h5]} Ne4 {( -> ...Qf2+)} 40. Qf4 Rc8 41. Kh1 ({Don't do} 41. gxh5 $6 g5 $16) 41... g5 42. Bxg5 Bg6 43. Bh4 ({Don't take} 43. gxh5 Ng3+ 44. Qxg3 Bxb1 $18) 43... Rc3 44. gxh5 Ng3+ 45. Bxg3 Bxb1 46. Rf2 {Strongly threatening Qf8.} b3 $2 (46... Bf5 {might work better.} 47. Kh2 Qg7) 47. Kh2 (47. Qf8 $142 {White wants to mate with Rf7+.} Rxg3 48. Rf7+ Qxf7 49. Qxf7+ Rg7 50. Qf2 Be4+ 51. Bf3) 47... Be4 $2 (47... Bf5 48. h6 Qe7) 48. Bg4 Rc2 {intending ...b2.} 49. Bxe6 {White mates.} b2 50. Bf5+ Kg8 51. Bxe4 {Precision: White = 64%, Black = 36%.} 1-0

[Event "Summer Chess Classic A 2018"]
[Site "Saint Louis"]
[Date "2018.05.18"]
[Round "4"]
[White "Prohaszka, Peter"]
[Black "Xiong, Jeffery"]
[Result "1/2-1/2"]
[WhiteElo "2613"]
[BlackElo "2661"]
[Annotator "TA"]
[PlyCount "95"]
[EventDate "2018.??.??"]
[EventType "tourn"]
[EventCountry "USA"]
[SourceTitle "playchess.com"]
[Source "ChessBase"]
[SourceQuality "1"]

{[%evp 26,95,20,10,22,18,21,21,26,31,43,31,37,20,42,14,18,14,36,23,30,17,17,9,15,4,11,6,10,0,14,14,16,14,24,25,45,8,10,5,5,5,5,4,11,0,0,0,0,0,0,0,0,0,0,0,0,0,0,0,0,0,0,0,0,0,0,0,0,0,0,0]} 1. d4 d5 2. c4 dxc4 3. e3 Nf6 4. Nf3 e6 5. Bxc4 a6 6. O-O c5 7. dxc5 Qxd1 8. Rxd1 Bxc5 9. Nbd2 Nbd7 {D27: Queen's Gambit Accepted: Classical main line: 7 e4!? and 7 a4} 10. Be2 b6 11. a3 (11. Nc4 Bb7 12. b3 O-O {½-½ (12) Le,Q (2737)-Nguyen,N (2630) Riadh 2017}) 11... Bb7 12. b4 Be7 13. Bb2 O-O 14. Nc4 {LiveBook: 13 Games} b5 15. Na5 Bd5 16. Nd4 Rac8 17. Rac1 Nb8 18. f3 $146 Ba8 19. e4 Nfd7 20. Ndb3 Bg5 21. Rxc8 Be3+ 22. Kf1 Rxc8 23. Bd4 Bxd4 24. Nxd4 Kf8 25. Ke1 g6 26. Kd2 Ke7 27. Ndb3 e5 28. Bd3 Nc6 29. Rc1 Kd8 (29... Kd6 {looks sharper.} 30. Nxc6 Bxc6 31. h4 f6 32. Ke3 Bb7) 30. Nxc6+ Rxc6 31. Rxc6 (31. Ra1 {feels hotter.} Rc7 32. g4 Ke7 33. h4 Kd6 34. g5) 31... Bxc6 $11 {[%mdl 4096] Endgame KBN-KBN. The position is equal.} 32. Na5 Kc7 33. Bb1 Nb6 34. Ba2 Be8 35. h4 h6 36. Bb3 g5 37. hxg5 hxg5 38. Ke3 f6 39. g3 Bd7 40. f4 gxf4+ 41. gxf4 Nc8 42. fxe5 fxe5 43. Kf3 Nd6 44. Bd5 Kb6 45. Ke3 Be8 46. Nb3 Bc6 47. Nc5 a5 48. Ba2 {Precision: White = 50%, Black = 80%.} 1/2-1/2

[Event "Summer Chess Classic A 2018"]
[Site "Saint Louis"]
[Date "2018.05.18"]
[Round "4"]
[White "Sevian, Samuel"]
[Black "Fridman, Daniel"]
[Result "1/2-1/2"]
[WhiteElo "2613"]
[BlackElo "2636"]
[Annotator "TA"]
[PlyCount "60"]
[EventDate "2018.??.??"]
[EventType "tourn"]
[EventCountry "USA"]
[SourceTitle "playchess.com"]
[Source "ChessBase"]
[SourceQuality "1"]

{[%evp 32,60,13,15,18,16,16,15,18,16,18,18,19,8,12,0,7,3,8,0,0,0,0,-6,0,0,0,0,0,0,0]} 1. d4 d5 2. c4 e6 3. Nf3 Nf6 4. g3 dxc4 5. Bg2 c5 6. O-O Nc6 7. dxc5 Qxd1 8. Rxd1 Bxc5 9. Nbd2 c3 10. bxc3 O-O 11. Nb3 Be7 12. c4 Bd7 {[%cal Bc8d7,Bd7e8,Be8c6][%mdl 32]} 13. Bb2 {E04: Katalanisch} Rfd8 14. Nfd4 Rac8 15. Nb5 b6 16. Nd6 Bxd6 17. Rxd6 {LiveBook: 5 Partien. Die Stellung ist ausgeglichen.} Be8 18. Rxd8 Nxd8 19. Rc1 Bc6 {[#]} 20. f3 $146 ({Vorgänger:} 20. c5 Bxg2 21. Kxg2 {½-½ (30) Cheparinov,I (2710)-Anand,V (2782) Riadh 2017}) 20... Ba4 21. Ba3 Nb7 22. Kf2 Nd7 23. h3 Ndc5 24. f4 Bc6 25. Nxc5 Bxg2 26. Nxb7 Bxb7 $11 {KTL-KTL} 27. Rd1 Bc6 28. Be7 f6 29. Rd8+ Rxd8 30. Bxd8 Kf7 1/2-1/2

[Event "Summer Chess Classic A 2018"]
[Site "Saint Louis"]
[Date "2018.05.19"]
[Round "5"]
[White "Xiong, Jeffery"]
[Black "Zherebukh, Yaroslav"]
[Result "1-0"]
[WhiteElo "2665"]
[BlackElo "2640"]
[Annotator "TA"]
[PlyCount "65"]
[EventDate "2018.??.??"]
[EventType "tourn"]
[EventCountry "USA"]
[SourceTitle "playchess.com"]
[Source "ChessBase"]
[SourceQuality "1"]

{[%evp 11,65,11,41,32,35,22,44,60,52,28,88,87,97,91,124,25,22,25,21,29,57,56,54,43,39,40,113,111,221,225,218,212,222,209,214,229,217,220,241,227,243,214,244,233,233,249,230,231,237,247,235,227,246,249,237,242]} 1. e4 e5 2. Nf3 Nf6 3. Nxe5 d6 4. Nf3 Nxe4 5. d3 Nf6 6. d4 Bg4 {LiveBook: 9 Games} 7. Nc3 {C42: Petroff Defence: 3 Nxe5 and unusual White 3rd moves} Be7 8. h3 Bh5 9. g4 {White is slightly better.} Bg6 10. Nh4 $146 ({Predecessor:} 10. Bg2 Ne4 11. Nd5 c6 12. Nf4 Nd7 13. c3 d5 14. Be3 Bd6 15. Nd2 Bxf4 16. Bxf4 O-O 17. O-O f5 18. f3 Ng5 19. Bxg5 {½-½ (19) Short,N (2697)-Timman,J (2670) Sarajevo 1999}) 10... Be4 (10... d5 $11) 11. Nxe4 $16 Nxe4 12. Nf5 $1 {[%cal Rf5g7]} g6 13. Nxe7 (13. Nh6 $16) 13... Qxe7 $11 14. Qe2 Nc6 15. Be3 O-O 16. O-O-O $1 Nb4 17. Qc4 a5 {White must now prevent ...d5.} 18. a3 {Threatens to win with Bg2.} d5 (18... c6 $14) 19. Qb3 $16 b6 (19... c6 $16) 20. Bg2 $1 $18 {White is clearly better.} (20. axb4 axb4 21. c4 bxc3 $16) 20... c5 21. dxc5 (21. axb4 $6 c4) 21... bxc5 {aiming for ...c4.} 22. Bxe4 $1 (22. axb4 axb4 23. c3 bxc3 $17) 22... c4 23. Qa4 Qxe4 24. Rhe1 {[%cal Bh1e1,Be1e7,Be7c7][%mdl 32]} ({Weaker is} 24. axb4 axb4 25. Qxb4 d4 $11) 24... Qe7 25. Kb1 $1 Qb7 26. Bc5 Rfb8 {[#]} 27. Re7 $1 {[%cal Re7b7]} ({Worse is} 27. axb4 axb4 28. Qxb4 Qc6 $17) 27... Qc6 28. Qxc6 Nxc6 29. Rc7 Nd8 30. Rxd5 Ne6 31. Ra7 a4 32. Rxa8 Rxa8 {[#]} 33. Be3 $1 {Precision: White = 76%, Black = 54%.} 1-0

[Event "Summer Chess Classic A 2018"]
[Site "Saint Louis"]
[Date "2018.05.19"]
[Round "5"]
[White "Akobian, Varuzhan"]
[Black "Durarbayli, Vasif"]
[Result "1/2-1/2"]
[WhiteElo "2647"]
[BlackElo "2623"]
[Annotator "TA"]
[PlyCount "60"]
[EventDate "2018.??.??"]
[EventType "tourn"]
[EventCountry "USA"]
[SourceTitle "playchess.com"]
[Source "ChessBase"]
[SourceQuality "1"]

{[%evp 30,60,7,8,37,7,7,7,7,7,7,7,7,7,7,7,7,7,7,7,8,8,10,0,0,0,0,0,0,0,0,0,0]} 1. d4 Nf6 2. c4 g6 3. Nc3 d5 4. Nf3 Bg7 5. cxd5 Nxd5 6. e4 Nxc3 7. bxc3 c5 8. Be3 Qa5 9. Qd2 Nc6 10. Rb1 a6 11. Rc1 cxd4 12. cxd4 Qxd2+ 13. Kxd2 f5 14. e5 {D85: Exchange Grünfeld: Unusual White 7th moves and lines with 7 Nf3} O-O 15. Bc4+ e6 16. Ke2 {LiveBook: 3 Games} Bd7 17. d5 (17. h4 {keeps more tension.} Rfc8 18. Ng5 Re8 19. f4 Na5 20. Bd3) (17. h4 Rac8 18. Bd2 h6 19. Bb3 Kf7 20. Rhg1 Rfd8 21. g4 Ne7 {0-1 (53) So,W (2815)-Giri,A (2785) chess.com INT 2017}) 17... Nxe5 {The position is equal.} 18. Nxe5 Bxe5 19. dxe6 Bb5 20. Bxb5 axb5 21. Rc5 Bf6 $146 ({Predecessor:} 21... Rxa2+) 22. Rxb5 Rfe8 23. Rxb7 Rxa2+ 24. Kf3 Ra6 25. Rd1 Raxe6 26. Rdd7 R6e7 27. g3 Rxd7 28. Rxd7 Re7 29. Rd6 Kf7 30. h4 Re6 {Precision: White = 88%, Black = 76%.} 1/2-1/2

[Event "Summer Chess Classic A 2018"]
[Site "Saint Louis"]
[Date "2018.05.19"]
[Round "5"]
[White "Fridman, Daniel"]
[Black "Bok, Benjamin"]
[Result "0-1"]
[WhiteElo "2639"]
[BlackElo "2640"]
[Annotator "TA"]
[PlyCount "66"]
[EventDate "2018.??.??"]
[EventType "tourn"]
[EventCountry "USA"]
[SourceTitle "playchess.com"]
[Source "ChessBase"]
[SourceQuality "1"]

{[%evp 12,66,0,-13,-12,-7,-6,-28,-4,-28,-32,-40,-18,-20,-22,0,19,37,37,31,59,54,81,25,45,24,33,16,23,22,36,-19,-35,-163,-158,-181,-168,-917,-13,-917,-789,-917,-902,-836,-757,-757,-756,-746,-723,-745,-738,-717,-714,-645,-552,-1118,-1118]} 1. d4 Nf6 2. c4 g6 3. Nc3 d5 4. Nf3 Bg7 5. e3 O-O 6. Bd2 e6 7. Be2 {LiveBook: 3 Games. D94: Grünfeld: 4 Nf3 Bg7 5 e3} (7. Rc1 b6 8. Be2 Bb7 9. O-O Nbd7 10. b4 dxc4 11. Bxc4 c5 12. dxc5 bxc5 13. Na4 cxb4 14. Bxb4 Re8 15. Nc5 Nxc5 16. Bxc5 Ne4 17. Qxd8 Rexd8 18. Bd4 Bxd4 19. Nxd4 Nd2 20. Rfe1 e5 21. Nb3 Nxc4 {½-½ (21) Granda Zuniga,J (2646)-Ivanisevic,I (2648) Sitges 2016}) 7... dxc4 8. Bxc4 Nbd7 $146 ({Predecessor:} 8... a6 9. O-O b5 10. Bd3 Bb7 11. Qe2 Nbd7 12. b4 e5 13. Nxe5 Nxe5 14. dxe5 Nd5 {0-1 (35) Sarto Ramos,A (2003)-Barsov,A (2511) Sitges 2009}) 9. b4 {The position is equal.} b6 10. b5 a6 11. a4 Bb7 12. Rc1 axb5 13. axb5 Qe7 14. O-O e5 15. Na2 {Hoping for Bb4.} Ne4 16. Bb4 Nd6 17. Nc3 (17. Bb3 $16 Qd8 18. Bxd6 cxd6 19. Nb4) 17... exd4 18. exd4 Bxf3 $1 19. Qxf3 {Black must now prevent Nd5.} Bxd4 20. Nd5 Qg5 21. Nxc7 (21. Rfd1 $14) 21... Ne5 $11 22. Qd1 (22. Qe2 $15 Nexc4 23. Nxa8 Rxa8 24. Rxc4 Nxc4 25. Qxc4) 22... Ndxc4 $19 23. Rxc4 {[#]} Rfd8 $1 $36 {[%mdl 2048] aiming for ...Bxf2+. Black has strong initiative.} ({Inferior is} 23... Nxc4 24. Qxd4 Qe5 25. Qxe5 $11 (25. Qxc4 $2 Rfc8 $19)) 24. Qc1 $2 {[#]} (24. Rxd4 Rxd4 25. Qe2) 24... Nf3+ $1 25. Kh1 Ra1 {Black is clearly winning.} 26. Qxa1 Bxa1 27. gxf3 Be5 28. Bc3 Bf4 29. h3 Bxc7 30. Rxc7 Qf4 31. Rc6 Qxf3+ 32. Kh2 f5 33. Be5 Qe2 {Precision: White = 33%, Black = 78%.} 0-1

[Event "Summer Chess Classic A 2018"]
[Site "Saint Louis"]
[Date "2018.05.19"]
[Round "5"]
[White "Jumabayev, Rinat"]
[Black "Prohaszka, Peter"]
[Result "1-0"]
[WhiteElo "2612"]
[BlackElo "2613"]
[Annotator "TA"]
[PlyCount "157"]
[EventDate "2018.??.??"]
[EventType "tourn"]
[EventCountry "USA"]
[SourceTitle "playchess.com"]
[Source "ChessBase"]
[SourceQuality "1"]

{[%evp 20,157,11,12,18,13,67,56,54,62,53,53,50,50,49,53,39,39,62,26,81,24,31,30,39,38,29,12,28,4,20,-18,14,20,27,29,45,33,194,198,192,190,192,187,192,192,195,190,256,240,255,226,304,207,355,210,214,215,215,198,193,198,196,190,195,176,202,197,209,215,302,293,337,327,337,330,331,327,332,319,321,321,375,375,417,429,470,459,439,405,484,488,520,522,526,522,510,458,617,420,485,435,466,466,486,484,489,450,448,445,841,827,1714,1309,1168,856,856,856,729,680,661,660,994,992,1031,610,1031,1031,1031,1031,1031,987,947,936,998,962,907,882,875,827]} 1. d4 Nf6 2. c4 e6 3. g3 d5 4. Nf3 dxc4 5. Bg2 a6 6. O-O Nc6 7. e3 Rb8 8. Qe2 {E04: Open Catalan: 5 Nf3} b5 9. b3 cxb3 10. axb3 Bb7 11. Bd2 {LiveBook: 4 Games} Be7 12. Rc1 Nd5 ({Black should try} 12... Ne4 $11) 13. Nc3 $14 {[#]} Nxc3 $146 ({Predecessor:} 13... Ndb4 14. Ne4 O-O 15. Nc5 Bc8 {½-½ (25) Sasikiran,K (2681)-Topalov,V (2803) Khanty-Mansiysk 2010}) 14. Bxc3 O-O 15. Ne1 {[%mdl 1024] White has compensation.} Bd6 16. Nd3 Qc8 17. Qb2 b4 18. Bd2 Na7 19. Bf1 Re8 (19... Ba8 $11 {keeps the balance.} 20. Be2 Nc6) 20. Bxb4 (20. Nxb4 $16 Bxb4 21. Bxb4) 20... Ba8 $1 $11 {[#] Hoping for ...Qb7.} 21. Bxd6 Qb7 {[%csl Ga8][%cal Rb7h1]} 22. f3 $1 cxd6 23. Ne1 $36 {[%mdl 2048] White has some pressure.} Nb5 24. Bd3 e5 25. d5 Qb6 26. Qd2 $1 Nc7 (26... Bxd5 $2 27. Bxb5 Qxb5 28. Ra5 $18) 27. Bc4 e4 28. f4 Bxd5 $2 ({Black should play} 28... Qb4 $14 29. Rc2 Qxd2 30. Rxd2 Rb6) 29. Bxd5 $18 Nxd5 30. Qxd5 {Strongly threatening Rc3.} Qxe3+ 31. Kf1 Rxb3 32. Rc7 (32. Qxd6 Rb2 $14) 32... Rf8 33. Rc2 (33. Qxd6 $6 Rb2 $16) 33... h5 (33... g6 $142 34. Re2 (34. Qxd6 Qb6 $18) 34... Qb6 35. Qxe4 Rc8) 34. Qxh5 Qb6 35. Qa5 Qd4 36. Rac1 ({Don't do} 36. Qxa6 $6 d5 $18) 36... e3 (36... Qb6 $142 37. Qxb6 Rxb6) 37. Qh5 (37. Qxa6 $142 Qe4 38. Kg1 (38. Qxd6 Qh1+ 39. Ke2 Qxh2+ 40. Kf1 Qh1+ 41. Ke2 Qh2+ 42. Kf1 Qh1+ 43. Ke2 Qh2+ $11)) 37... Qe4 38. Kg1 d5 39. Qe5 Qxe5 40. fxe5 d4 41. Rd1 Rd8 42. Rd3 Rb1 43. Kf1 Rd5 44. Ke2 g5 (44... a5 {was called for.} 45. Nf3 Rb4) 45. Nf3 g4 46. Nxd4 Rxe5 47. Rxe3 Rh5 48. Kd3 Rd1+ 49. Kc4 Rh1 50. Ree2 a5 51. Rf2 Kg7 52. Nf5+ Kg6 53. Nh4+ Kg7 54. Rf4 Rg5 55. Nf5+ Kg6 56. Rcf2 Rc1+ 57. Kb3 Rc7 58. Ka4 Kh5 59. Ka3 Rd7 60. Ka2 {White is clearly winning.} Rg6 61. Ra4 Ra7 62. Ne3 Rg5 63. Re4 Rd7 64. Re8 Kg6 {[#]} (64... Kh6 $142 65. Rf4 Rd2+ 66. Ka3 Kg7 67. Nxg4 Rdd5) 65. Nxg4 $1 {[%mdl 512] Black must now prevent Rg8+.} Kg7 (65... Rxg4 66. Rg8+) 66. Nf6 Rb7 67. Rg8+ Kh6 68. Rxg5 Kxg5 {[%mdl 4096] Endgame KRN-KR} 69. Ne4+ Kg4 70. Nd6 Rd7 71. Nxf7 {Intending Ne5+ and mate.} Kh3 72. Ng5+ Kg4 73. Ne6 a4 74. Ka3 Re7 75. Re2 Ra7 76. Nf4 Kf3 77. Rc2 Rh7 78. Kxa4 Kg4 79. Kb3 {Precision: White = 76%, Black = 40%.} 1-0

[Event "Summer Chess Classic A 2018"]
[Site "Saint Louis"]
[Date "2018.05.19"]
[Round "5"]
[White "Indjic, Aleksandar"]
[Black "Sevian, Samuel"]
[Result "1-0"]
[WhiteElo "2600"]
[BlackElo "2619"]
[Annotator "TA"]
[PlyCount "105"]
[EventDate "2018.??.??"]
[EventType "tourn"]
[EventCountry "USA"]
[SourceTitle "playchess.com"]
[Source "ChessBase"]
[SourceQuality "1"]

{[%evp 13,105,2,4,-8,-21,-11,-20,-18,-10,-38,-28,-51,-50,-88,-23,-47,-30,-34,-27,-21,-22,-16,5,0,0,16,40,40,41,27,25,23,58,61,49,61,53,50,154,145,240,213,407,401,491,488,481,474,497,483,490,477,521,522,731,722,719,720,696,686,761,761,735,735,704,669,1718,1593,2326,2458,5506,5314,2522,2641,29957,6307,29972,29973,29972,29971,29975,29976,29972,29972,29982,29983,29985,29986,29986,29987,29987,29988,29988,29987]} 1. d4 Nf6 2. Nf3 g6 3. Nc3 d5 4. Bf4 Bg7 5. Nb5 Na6 6. e3 {D00: Damenbauernspiele} c6 7. Nc3 Qb6 {LiveBook: 3 Partien} (7... O-O 8. Bxa6 bxa6 9. h3 Nd7 10. O-O Bb7 11. Na4 Rc8 12. b4 a5 13. Nc5 Nxc5 14. bxc5 {1-0 (50) Aronian,L (2797)-Vachier Lagrave,M (2793) Caleta 2018}) 8. Bxa6 {Die Stellung ist ausgeglichen.} Qxa6 9. h3 $146 ({Vorgänger:} 9. b3 O-O 10. Qe2 Qa5 11. Qd2 c5 12. Na4 Qxd2+ 13. Kxd2 {0-1 (34) Schmidt,L-Laux,A Hoehr-Grenzhausen 2004}) 9... O-O 10. Be5 Bh6 11. g4 {Droht stark g5.} Nd7 12. Bf4 Bg7 $1 13. Qd3 {[#]} b6 (13... b5 $1 $17) 14. h4 Qxd3 15. cxd3 Bb7 16. h5 c5 17. Kd2 f6 18. hxg6 hxg6 19. Bh6 e5 20. Nb5 e4 21. Bxg7 Kxg7 22. Nh4 Rg8 23. Ng2 $36 {[%mdl 2048] Weiss drückt.} Bc6 24. Nc7 {[#] Und weiter mit dxe4 wäre nett.} Rac8 25. Nf4 $1 {[%cal Rf4e6]} Nf8 (25... Rh8 $1 $14) 26. Ncxd5 $16 {Und Se7 würde nun gewinnen.} Bxd5 (26... exd3 $16 27. Ne7 (27. Kxd3 Kf7 $16) 27... Bxh1) 27. Nxd5 $18 {Droht Se7 und aus.} exd3 $2 (27... Re8 28. Rac1 Ne6 29. dxe4 Ng5) 28. Ne7 Rd8 29. Nxg8 Kxg8 30. dxc5 bxc5 {[%mdl 4096] Endspiel KTT-KTS} 31. Rac1 Ne6 32. f4 {[%cal Bf2f4,Bf4f5][%mdl 32]} Rb8 33. b3 g5 34. f5 Nf8 35. Rxc5 Nd7 36. Rd5 Ne5 37. Rxe5 fxe5 38. Kxd3 {KT-KT} Rb4 39. e4 a5 40. Rh5 a4 41. Rxg5+ Kf7 42. Rh5 Rd4+ 43. Ke3 axb3 44. axb3 Rb4 45. g5 {Weiß setzt Matt.} Rxb3+ 46. Ke2 Rb4 47. Kd3 Rd4+ 48. Ke3 Rd6 49. Rh7+ Kf8 50. f6 Ra6 51. Kf3 Ra1 52. Kg4 Rf1 53. Kh5 {Precision: Weiß = 70%, Schwarz = 31%.} 1-0

[Event "Summer Chess Classic A 2018"]
[Site "Saint Louis"]
[Date "2018.05.20"]
[Round "6"]
[White "Bok, Benjamin"]
[Black "Durarbayli, Vasif"]
[Result "1/2-1/2"]
[WhiteElo "2636"]
[BlackElo "2618"]
[Annotator "TA"]
[PlyCount "83"]
[EventDate "2018.??.??"]
[EventType "tourn"]
[EventCountry "USA"]
[SourceTitle "playchess.com"]
[Source "ChessBase"]
[SourceQuality "1"]

{[%evp 25,83,14,19,16,20,6,10,12,12,10,2,0,20,3,6,4,5,0,0,0,0,0,0,1,4,2,8,10,16,16,16,16,18,18,18,18,30,28,33,39,40,40,43,14,14,14,14,0,0,0,0,0,0,0,0,0,0,0,0,0]} 1. d4 Nf6 2. c4 g6 3. Nf3 Bg7 4. g3 O-O 5. Bg2 c6 6. Nc3 d5 7. cxd5 cxd5 8. Ne5 Bf5 9. O-O Ne4 10. Bf4 Nxc3 {D79: Grünfeldindisch (Fianchetto 6.0-0 c6 7.cxd5 cxd5)} (10... Nc6 11. Nxc6 {½-½ (11) Prohaszka,P (2596)-Mamedov,R (2689) Minsk 2017}) 11. bxc3 Nc6 12. Nxc6 bxc6 13. Qa4 Qd7 {LiveBook: 3 Partien} 14. Rac1 Rac8 {[#]} 15. c4 $146 ({Vorgänger:} 15. Rfd1 Rfd8 16. c4 Be4 17. Rd2 h5 18. h4 Bxg2 19. Kxg2 {½-½ (25) Bubir,A (2588)-Glazman,M (2544) ICCF email 2008}) 15... Be6 16. cxd5 cxd5 17. Qxd7 Bxd7 18. Bxd5 Bh3 19. Bg2 Bxg2 20. Kxg2 Bxd4 21. Rfd1 Bb6 22. Rd7 Rxc1 23. Bxc1 $11 {[%mdl 4096] Endspiel KTL-KTL} Rc8 24. Bh6 Bc5 25. a4 f6 26. Be3 Bxe3 27. fxe3 {KT-KT} a5 28. Rd5 Ra8 29. Kf3 Kf7 30. e4 Rb8 31. Rxa5 Rb3+ 32. e3 Ra3 33. Ra8 g5 34. a5 (34. e5 $5) 34... h5 {Die Stellung ist ausgeglichen.} 35. h3 Ra2 36. a6 e5 37. Rh8 {[#] Droht a7 und aus.} Kg6 38. Rg8+ Kf7 39. Ra8 Kg6 40. Rg8+ Kf7 41. Ra8 Kg6 42. Rg8+ {Precision: Weiß = 72%, Schwarz = 78%.} 1/2-1/2

[Event "Summer Chess Classic A 2018"]
[Site "Saint Louis"]
[Date "2018.05.20"]
[Round "6"]
[White "Fridman, Daniel"]
[Black "Indjic, Aleksandar"]
[Result "1/2-1/2"]
[WhiteElo "2636"]
[BlackElo "2600"]
[Annotator "TA"]
[PlyCount "56"]
[EventDate "2018.??.??"]
[EventType "tourn"]
[EventCountry "USA"]
[SourceTitle "playchess.com"]
[Source "ChessBase"]
[SourceQuality "1"]

{[%evp 13,56,20,27,18,27,22,19,23,17,17,31,22,33,33,27,21,45,43,52,60,52,63,58,45,57,47,43,57,72,38,37,40,29,20,89,44,44,10,66,0,44,0,78,0,65]} 1. Nf3 d5 2. d4 Bf5 3. Bf4 e6 4. e3 Bd6 5. Bxd6 Qxd6 6. c4 {D02: Damenbauernspiele} (6. c3 Nf6 7. Bd3 Ne4 8. O-O Nd7 9. Qe2 Bg4 10. h3 Bh5 11. Qd1 f5 12. Be2 O-O 13. Nbd2 {½-½ (57) Bu,X (2705)-Morozevich,A (2676) Doha 2016}) 6... c6 7. Nc3 Nd7 {LiveBook: 7 Partien} 8. Nh4 {Weiß hat minimalen Vorteil.} Bg6 9. Qb3 Rb8 10. Be2 $146 ({Vorgänger:} 10. cxd5 exd5 11. Nxg6 hxg6 12. h3 Ngf6 13. Bd3 {0-1 (67) Stremavicius,T (2462)-Burmakin,V (2549) Benasque 2016}) 10... Ngf6 11. O-O Ne4 {und nun wäre ...Sd2 stark für Schwarz.} 12. Rad1 a6 13. g3 Nef6 14. a3 {[%cal Ba2a3,Ba3b4][%mdl 32]} dxc4 15. Qxc4 b5 16. Qb4 Qxb4 17. axb4 Nd5 18. Nxd5 cxd5 19. Ra1 Rb6 20. Rfc1 Ke7 21. Rc7 Ra8 22. Rac1 Kd6 23. Kf1 Rab8 (23... a5 $1 $11) 24. Ke1 R8b7 25. Rc8 (25. R7c5 $5) 25... Rb8 (25... Nb8 $11) 26. R8c7 R8b7 27. Rc8 (27. R7c5 $5) 27... Rb8 28. R8c7 R8b7 {Precision: Weiß = 56%, Schwarz = 56%.} 1/2-1/2